000 00334nam a2200133 a 4500
003 0
005 20240730130453.0
008 970111s19uu xx 00 eng d
050 _aVHS SD
_bR 35
245 _aSIS AVP witout Local College :
_b(March 7, 2002 Version)
260 _cMarch 7, 20002.
942 _cAVM
_2lcc
999 _c108680
_d108680